| 000 | 00407pab a2200157 454500 | ||
|---|---|---|---|
| 008 | 180718b2014 xxu||||| |||| 00| 0 eng d | ||
| 100 | _aMehra, Shruti | ||
| 245 | _aMigration of labour to industries in Ludhiana city: Rationale and Causatum | ||
| 260 | _c2014 | ||
| 300 | _ap.133-146. | ||
| 362 | _aMar | ||
| 650 | _aMigrant workers | ||
| 773 | _aMan and Development | ||
| 908 | _aN | ||
| 909 | _a104542 | ||
| 999 |
_c104538 _d104538 |
||